ბათუმის შოთა რუსთაველის სახელმწიფო უნივერსიტეტის ბიბლიოთეკა

აგროტექნოლოგიური ნორმატივები : (ბიბ.ჩანაწერი № 54391)

000 -ლიდერი
ფიქსირებული სიგრძის საკონტროლო ველი 02013nam a2200301Ia 4500
001 - საკონტროლო ნომერი
საკონტროლო ველი 21447
003 - საკონტროლო ნომრის იდენტიფიკატორი
საკონტროლო ველი GE_BSU
005 - ბოლო ოპერაციის თარიღი და დრო
საკონტროლო ველი 20211111163910.0
008 - ფიქსირებული სიგრძის მონაცემთა ელემენტები - ზოგადი ინფორმაცია
ფიქსირებული სიგრძის საკონტროლო ველი 181216s2016||||ge |||||||||||||| ||geo||
020 ## - წიგნის საერთაშორისო სტანდარტული ნომერი
International Standard Book Number 9789941095283
040 ## - კატალოგიზაციის წყარო
Transcribing agency GE_BSU
041 ## - ენის კოდი
Language code of text/sound track or separate title geo
080 ## - უნივერსალური ათობითი კლასიფიკაციის ინდექსი
Universal Decimal Classification number 631(479.22)(035) ა-25
245 ## - ცნობა სათაურის შესახებ
Title აგროტექნოლოგიური ნორმატივები :
Remainder of title (ცნობარი ფერმერებისა და ბიზნესმენებისათვის) /
Statement of responsibility, etc შემდგენელი ავთანდილ კორახაშვილი ; რედაქტორი თამარ სანიკიძე.
250 ## - გამოცემის ცნობა
Edition statement I გამოცემა
264 ## - წარმოების, გამოცემის, დისტრიბუციის და სხვა ცნობები
გამოცემის, წარმოების, დისტრიბუციის... ადგილი თბილისი :
გამოცემის, წარმოების, დისტრიბუციის... სახელწოდება [?],
გამოცემის, წარმოების, დისტრიბუციის... თარიღი 2016.
300 ## - ფიზიკური აღწერა
Extent 204 გვ. :
Other physical details ცხრ. ;
Dimensions 18 სმ.
500 ## - ზოგადი შენიშვნა
General note საერთაშორისო შემოკლებები და განზომილებები გვ. : 200-204
520 ## - SUMMARY, ETC.
Summary, etc ცნობარი შედგენილია და გამოცემულია გაეროს განვითარების პროგრამისა და სამხრეთ კავკასიაში შვეიცარიის თანამშრომლობის ოფისის მხარდაჭერით
653 ## - INDEX TERM--UNCONTROLLED
Uncontrolled term აგროტექნოლოგია
653 ## - INDEX TERM--UNCONTROLLED
Uncontrolled term აგროტექნოლოგიური ნორმატივები
653 ## - INDEX TERM--UNCONTROLLED
Uncontrolled term სოფლის მეურნეობა საქართველოში
653 ## - INDEX TERM--UNCONTROLLED
Uncontrolled term ცნობარი ფერმერებისა და ბიზნესმენებისათვის
700 ## - ADDED ENTRY--PERSONAL NAME
Personal name კორახაშვილი, ავთანდილ
Relator term შემდგენელი
9 (RLIN) 5875
700 ## - ADDED ENTRY--PERSONAL NAME
Personal name სანიკიძე, თამარ
Relator term რედაქტორი
9 (RLIN) 11300
942 ## - ADDED ENTRY ELEMENTS (KOHA)
Koha item type წიგნი
Source of classification or shelving scheme
ეგზემპლარები
ჩამოწერის სტატუსი დაკარგული ეგზემპლარის სტატუსი კლასიფიკაციის წყარო ან თაროზე გაწყობის სქემა დაზიანების სტატუსი არ გაიცემა მუდმივი მდებარეობა (დაცვის ადგილი) ამჟამინდელი ადგილსამყოფელი თაროზე განთავსების ადგილი შეძენის თარიღი ღირებულება, შესყიდვის ნორმალური ფასი სრული შენახვის შიფრი შტრიხკოდი ბოლო ოპერაციის თარიღი ეგზემპლარის მიმდევრობითი ნომერი (კეტერი?) ფასის ძალაში შესვლის თარიღი ეგზემპლარის სახეობა საჯარო შენიშვნა
          ბათუმის შოთა რუსთაველის სახელმწიფო უნივერსიტეტის მთავარი ბიბლიოთეკა ბათუმის შოთა რუსთაველის სახელმწიფო უნივერსიტეტის მთავარი ბიბლიოთეკა წიგნსაცავი 2018-12-17 5.00 631(479.22)(035) ა-25 55404 2018-12-17 55404 2018-12-17 წიგნი 5.00 ₾.